[Event "Riga Tech op-A"]
[Site "Riga"]
[Date "2023.08.07"]
[Round "1"]
[White "Kvaloy, Aksel Bu"]
[Black "Mitrandzas, Athanasios"]
[Result "1-0"]
[WhiteElo "2457"]
[BlackElo "2033"]
[PlyCount "63"]
[EventDate "2023.08.07"]
[EventType "swiss"]
[EventRounds "9"]
[EventCountry "LAT"]
[SourceTitle "CBM 215 Extra"]
[Source "ChessBase"]
[SourceDate "2023.09.30"]
[SourceVersion "1"]
[SourceVersionDate "2023.09.30"]
[SourceQuality "1"]

1. e4 c5 2. Nf3 e6 3. d4 cxd4 4. Nxd4 Nf6 5. Nc3 d6 6. g4 h6 7. h4 Nc6 8. Rg1 a6 9. g5 hxg5 10. hxg5 Nh5 11. Nxc6 bxc6 12. g6 Qf6 13. gxf7+ Qxf7 14. Bc4 d5 15. exd5 Bc5 16. Be3 Bxe3 17. fxe3 exd5 18. Bd3 Bf5 19. Bxf5 Qxf5 20. Qd2 Qf3 21. Ne2 0-0 22. Nd4 Qf7 23. Nxc6 Nf6 24. 0-0-0 Qb7 25. Qg2 Rf7 26. Nd4 Rb8 27. b3 Ne4 28. Kb2 Qc7 29. Qg6 Qc3+ 30. Kb1 Nc5 31. Rdf1 Na4 32. Qxf7+ 1-0

[Event "Thessaloniki White Tower op-A 43rd"]
[Site "Thessaloniki"]
[Date "2023.01.06"]
[Round "7"]
[White "Galanis, Nikolaos Panagiotis"]
[Black "Mitrandzas, Athanasios"]
[Result "1-0"]
[WhiteElo "1774"]
[BlackElo "2046"]
[PlyCount "93"]
[EventDate "2023.01.02"]
[EventType "swiss"]
[EventRounds "9"]
[EventCountry "GRE"]
[SourceTitle "CBM 212 Extra"]
[Source "ChessBase"]
[SourceDate "2023.03.31"]
[SourceVersion "1"]
[SourceVersionDate "2023.03.31"]
[SourceQuality "1"]

1. e4 c5 2. Nf3 e6 3. d4 cxd4 4. Nxd4 Nf6 5. Nc3 d6 6. g4 h6 7. h4 Nc6 8. Nxc6 bxc6 9. Qf3 Rb8 10. g5 hxg5 11. hxg5 Rxh1 12. Qxh1 Ng4 13. Qh5 Ne5 14. f4 Ng6 15. Bd3 Qb6 16. Qh2 Ba6 17. Qf2 Qxf2+ 18. Kxf2 Bxd3 19. cxd3 d5 20. a3 Rb3 21. Ke2 f6 22. gxf6 gxf6 23. f5 Ne5 24. d4 Nc4 25. fxe6 dxe4 26. Nxe4 Nxb2 27. Nxf6+ Ke7 28. Nd7 Bg7 29. Bg5+ Ke8 30. Nc5 Rg3 31. Ne4 Rxg5 32. Nxg5 Bxd4 33. Rh1 Na4 34. Rh7 a6 35. Ne4 Be5 36. Rh5 Bb2 37. Rh7 Be5 38. Kf3 Nc3 39. Nxc3 Bxc3 40. Ke4 Bb2 41. a4 a5 42. Kf5 Bc3 43. Rc7 Bb4 44. Rxc6 Be7 45. Ra6 Bd8 46. Ra8 Ke7 47. Rxd8 1-0

[Event "Thessaloniki SKG op-A 1st"]
[Site "Thessaloniki"]
[Date "2022.08.06"]
[Round "5"]
[White "Mitrandzas, Athanasios"]
[Black "Tsilidis, Christos"]
[Result "1/2-1/2"]
[WhiteElo "2071"]
[BlackElo "1810"]
[PlyCount "62"]
[EventDate "2022.08.03"]
[EventType "swiss"]
[EventRounds "9"]
[EventCountry "GRE"]
[SourceTitle "CBM 209 Extra"]
[Source "ChessBase"]
[SourceDate "2022.09.30"]
[SourceVersion "1"]
[SourceVersionDate "2022.09.30"]
[SourceQuality "1"]

1. c4 e6 2. d4 d5 3. Nc3 Nf6 4. cxd5 exd5 5. Bg5 Nbd7 6. e3 c6 7. Bd3 Be7 8. Qc2 0-0 9. Nf3 Re8 10. 0-0 h6 11. Bh4 Ne4 12. Bxe7 Qxe7 13. Bxe4 dxe4 14. Nd2 Nf6 15. Rab1 b6 16. b4 Ba6 17. b5 cxb5 18. Nxb5 Rec8 19. Qa4 Bxb5 20. Rxb5 Qc7 21. h3 Qc2 22. Nb3 Qd3 23. Re5 Rc4 24. Qa6 Rxd4 25. Qb7 Rdd8 26. Nd4 Qc4 27. Nc6 Re8 28. Rxe8+ Rxe8 29. Nxa7 Qxa2 30. Qxb6 Re6 31. Qc5 Qd5 1/2-1/2

[Event "GRE-chT 48th"]
[Site "Athens"]
[Date "2021.09.08"]
[Round "3.6"]
[White "Papasimakopoulos, Alexandros"]
[Black "Mitrandzas, Athanasios"]
[Result "0-1"]
[WhiteElo "2246"]
[BlackElo "2076"]
[PlyCount "48"]
[EventDate "2021.09.07"]
[EventType "team-swiss"]
[EventRounds "7"]
[EventCountry "GRE"]
[SourceTitle "CBM 204 Extra"]
[Source "ChessBase"]
[SourceDate "2021.11.30"]
[SourceVersion "1"]
[SourceVersionDate "2021.11.30"]
[SourceQuality "1"]
[WhiteTeam "Kallytheas"]
[BlackTeam "Keefysyas"]
[WhiteTeamCountry "GRE"]
[BlackTeamCountry "GRE"]

1. d4 Nf6 2. c4 e6 3. Nc3 Bb4 4. Qc2 Nc6 5. e3 0-0 6. f4 d6 7. Nf3 Qe7 8. a3 Bxc3+ 9. Qxc3 e5 10. fxe5 dxe5 11. d5 e4 12. dxc6 exf3 13. gxf3 Nh5 14. Qc2 Qf6 15. Bd3 Rd8 16. 0-0 Bh3 17. cxb7 Rab8 18. Rf2 Rxb7 19. Bxh7+ Kh8 20. Be4 c6 21. f4 Rbd7 22. Bd2 Qh4 23. Bg2 Qxf2+ 24. Kxf2 Rxd2+ 0-1

[Event "Prague Summer op 7th"]
[Site "Prague"]
[Date "2020.08.11"]
[Round "5"]
[White "Mitrandzas, Athanasios"]
[Black "Kusa, Jakub"]
[Result "1/2-1/2"]
[WhiteElo "2076"]
[BlackElo "2239"]
[PlyCount "101"]
[EventDate "2020.08.08"]
[EventType "swiss"]
[EventRounds "9"]
[EventCountry "CZE"]
[SourceTitle "CBM 197 Extra"]
[Source "ChessBase"]
[SourceDate "2020.09.30"]
[SourceVersion "1"]
[SourceVersionDate "2020.09.30"]
[SourceQuality "1"]

1. c4 Nf6 2. g3 c5 3. Bg2 d5 4. cxd5 Nxd5 5. Nc3 Nc7 6. Nf3 Nc6 7. a3 g6 8. 0-0 Bg7 9. d3 0-0 10. Ng5 Bd7 11. Nge4 b6 12. Rb1 Rc8 13. Bd2 Ne6 14. b4 cxb4 15. axb4 f5 16. Ng5 Nxg5 17. Bxg5 Nxb4 18. Qb3+ Kh8 19. Qxb4 Bxc3 20. Bxe7 Bxb4 21. Bxd8 Bc3 22. Be7 Rfe8 23. Bg5 Rxe2 24. Bb7 Rb8 25. Bf3 Ree8 26. Rfc1 Be5 27. d4 Bd6 28. Bc6 Bxc6 29. Rxc6 Be7 30. Bf4 Rbc8 31. Rbc1 Rxc6 32. Rxc6 Kg8 33. Rc7 Bf6 34. d5 Rd8 35. d6 g5 36. Be3 Rxd6 37. Rxa7 b5 38. h3 h6 39. Rb7 Rd5 40. Kg2 Bg7 41. Kf3 Bf8 42. Ke2 b4 43. Bd2 Rd4 44. Be3 Rc4 45. Kd3 Rc3+ 46. Kd4 Bc5+ 47. Ke5 Bxe3 48. fxe3 Rxe3+ 49. Kf6 b3 50. Rb8+ Kh7 51. Rb7+ 1/2-1/2

[Event "Wch Seniors 50 29th"]
[Site "Bucharest"]
[Date "2019.11.22"]
[Round "10"]
[White "Syrchikov, Alexander"]
[Black "Mitrandzas, Athanasios"]
[Result "1/2-1/2"]
[WhiteElo "2246"]
[BlackElo "2065"]
[PlyCount "96"]
[EventDate "2019.11.12"]
[EventType "swiss"]
[EventRounds "11"]
[EventCountry "ROU"]
[SourceTitle "CBM 193 Extra"]
[Source "ChessBase"]
[SourceDate "2020.01.31"]
[SourceVersion "1"]
[SourceVersionDate "2020.01.31"]
[SourceQuality "1"]

1. e4 c5 2. Nf3 e6 3. d4 cxd4 4. Nxd4 Nf6 5. Nc3 d6 6. Be2 Be7 7. 0-0 0-0 8. f4 Nc6 9. Be3 e5 10. Nb3 exf4 11. Rxf4 Ne8 12. Rf1 Bf6 13. Qd2 Be5 14. Bf4 Nf6 15. Bf3 Be6 16. Rad1 Bxf4 17. Qxf4 Qb6+ 18. Kh1 Ne5 19. Be2 Rac8 20. Nb5 Rxc2 21. Rxd6 Ng6 22. Qf3 Bg4 23. Qd3 Bxe2 24. Qxc2 Qxb5 25. Rc1 Bc4 26. Rd2 Bxb3 27. axb3 Qg5 28. Re2 Nf4 29. Qd2 Qg4 30. Re3 Ne6 31. e5 Rd8 32. Qf2 Nh5 33. g3 Rd1+ 34. Rxd1 Qxd1+ 35. Kg2 Qd5+ 36. Qf3 Qd2+ 37. Qf2 Qd4 38. Rc3 Qd5+ 39. Qf3 Qd2+ 40. Qf2 Qd5+ 41. Qf3 Qd2+ 42. Qf2 Qd7 43. Qxa7 Qd5+ 44. Kg1 Qd1+ 45. Kg2 g5 46. Qe3 Kg7 47. h3 g4 48. h4 h6 1/2-1/2

[Event "Wch Seniors 50 29th"]
[Site "Bucharest"]
[Date "2019.11.21"]
[Round "9"]
[White "Metz, Hartmut"]
[Black "Mitrandzas, Athanasios"]
[Result "1/2-1/2"]
[WhiteElo "2248"]
[BlackElo "2065"]
[PlyCount "20"]
[EventDate "2019.11.12"]
[EventType "swiss"]
[EventRounds "11"]
[EventCountry "ROU"]
[SourceTitle "CBM 193 Extra"]
[Source "ChessBase"]
[SourceDate "2020.01.31"]
[SourceVersion "1"]
[SourceVersionDate "2020.01.31"]
[SourceQuality "1"]

1. e4 c5 2. Nf3 e6 3. d4 cxd4 4. Nxd4 Nf6 5. Bd3 Nc6 6. Nxc6 bxc6 7. 0-0 d5 8. Nd2 g6 9. c3 Bg7 10. Re1 0-0 1/2-1/2

[Event "WchT Seniors 50"]
[Site "Rhodes"]
[Date "2019.04.23"]
[Round "8.5"]
[White "Speelman, Jonathan S"]
[Black "Mitrandzas, Athanasios"]
[Result "1-0"]
[WhiteElo "2509"]
[BlackElo "2055"]
[PlyCount "57"]
[EventDate "2019.04.16"]
[EventType "team-swiss"]
[EventRounds "9"]
[EventCountry "GRE"]
[SourceTitle "CBM 190 Extra"]
[Source "ChessBase"]
[SourceDate "2019.07.15"]
[SourceVersion "1"]
[SourceVersionDate "2019.07.15"]
[SourceQuality "1"]
[WhiteTeam "England"]
[BlackTeam "Athens Vets"]
[WhiteTeamCountry "ENG"]
[BlackTeamCountry "GRE"]

1. Nf3 c5 2. e3 g6 3. d4 Bg7 4. d5 d6 5. Nc3 Nf6 6. Bb5+ Bd7 7. a4 0-0 8. h3 Na6 9. 0-0 Rb8 10. e4 Nc7 11. Re1 a6 12. Bxd7 Nxd7 13. a5 b5 14. axb6 Rxb6 15. Na4 Rb5 16. c4 Rb4 17. Qc2 e5 18. Bd2 Rb7 19. Reb1 f5 20. Ra3 fxe4 21. Ng5 Nf6 22. Ba5 Qe7 23. Bxc7 Rxc7 24. Ne6 Rb7 25. Nxf8 Bxf8 26. Nc3 e3 27. fxe3 Bh6 28. Ne4 Rb8 29. Rf1 1-0

[Event "WchT Seniors 50"]
[Site "Rhodes"]
[Date "2019.04.21"]
[Round "6.5"]
[White "Boensch, Uwe"]
[Black "Mitrandzas, Athanasios"]
[Result "1/2-1/2"]
[WhiteElo "2525"]
[BlackElo "2055"]
[PlyCount "62"]
[EventDate "2019.04.16"]
[EventType "team-swiss"]
[EventRounds "9"]
[EventCountry "GRE"]
[SourceTitle "CBM 190 Extra"]
[Source "ChessBase"]
[SourceDate "2019.07.15"]
[SourceVersion "1"]
[SourceVersionDate "2019.07.15"]
[SourceQuality "1"]
[WhiteTeam "Germany"]
[BlackTeam "Athens Vets"]
[WhiteTeamCountry "GER"]
[BlackTeamCountry "GRE"]

1. d4 Nf6 2. c4 e6 3. Nf3 Bb4+ 4. Nbd2 0-0 5. g3 b6 6. Bg2 Bb7 7. 0-0 Bxd2 8. Bxd2 d6 9. b3 a5 10. a4 Re8 11. Bc3 Nbd7 12. Ra2 Qe7 13. Bh3 e5 14. d5 Ne4 15. Be1 Ndc5 16. Nh4 Bc8 17. Bxc8 Raxc8 18. f3 Nf6 19. e4 g6 20. Bd2 Nh5 21. Be3 Rf8 22. Bh6 Ng7 23. Qc2 Qd7 24. Qb1 f5 25. exf5 gxf5 26. f4 e4 27. Qb2 Qf7 28. Rb1 Nd3 29. Qxg7+ Qxg7 30. Bxg7 Kxg7 31. Ng2 Kf6 1/2-1/2

[Event "World Amateur-ch U2300"]
[Site "Cagliari"]
[Date "2018.04.27"]
[Round "7"]
[White "Kozlowski, Thierry"]
[Black "Mitrandzas, Athanasios"]
[Result "0-1"]
[WhiteElo "1976"]
[BlackElo "2177"]
[PlyCount "78"]
[EventDate "2018.04.22"]
[EventType "swiss"]
[EventRounds "9"]
[EventCountry "ITA"]
[SourceTitle "CBM 184 Extra"]
[Source "ChessBase"]
[SourceDate "2018.06.28"]
[SourceVersion "1"]
[SourceVersionDate "2018.06.28"]
[SourceQuality "1"]

1. d4 Nf6 2. c4 e6 3. Nc3 Bb4 4. g3 c5 5. Nf3 Qa5 6. Bd2 cxd4 7. Nxd4 Nc6 8. Nc2 Bc5 9. Bg2 0-0 10. Rb1 Qc7 11. b4 Be7 12. Nb5 Qd8 13. Bf4 e5 14. Bg5 Ne8 15. Bxe7 Qxe7 16. c5 a5 17. a3 axb4 18. axb4 b6 19. Nd6 Rb8 20. Ne3 Nc7 21. Nef5 Qe6 22. b5 Ne7 23. Nxe7+ Qxe7 24. Nxc8 Rfxc8 25. c6 dxc6 26. Bxc6 Ne6 27. e3 Rd8 28. Qc2 Rd6 29. 0-0 Rbd8 30. Rfd1 Nc5 31. Rxd6 Qxd6 32. Ra1 g6 33. Qc4 Qe7 34. h4 Rd2 35. Ra8+ Kg7 36. Qc1 Qd6 37. Kg2 Rxf2+ 38. Kg1 Rd2 39. Ra1 Nb3 0-1

[Event "EU-ch Amateur U2300"]
[Site "Nis"]
[Date "2017.06.11"]
[Round "3"]
[White "Mitrandzas, Athanasios"]
[Black "Livaja, Mario"]
[Result "0-1"]
[WhiteElo "2095"]
[BlackElo "2254"]
[PlyCount "94"]
[EventDate "2017.06.10"]
[EventType "swiss"]
[EventRounds "9"]
[EventCountry "SRB"]
[SourceTitle "EXT 2018"]
[Source "ChessBase"]
[SourceDate "2017.10.13"]
[SourceVersion "1"]
[SourceVersionDate "2017.10.13"]
[SourceQuality "1"]

1. c4 Nf6 2. g3 g6 3. Bg2 Bg7 4. Nc3 0-0 5. e4 d6 6. Nge2 e5 7. 0-0 Be6 8. d3 Qd7 9. Nd5 c6 10. Nxf6+ Bxf6 11. Nc3 Bg7 12. Be3 Na6 13. b3 f5 14. f3 f4 15. Bf2 d5 16. cxd5 cxd5 17. gxf4 d4 18. Ne2 exf4 19. Qd2 Qd6 20. Qb2 Rfd8 21. Qd2 g5 22. h4 h6 23. hxg5 hxg5 24. Rac1 Be5 25. Qa5 Rd7 26. Qa4 Rf8 27. Rc4 Bxc4 28. Qxc4+ Kg7 29. Bh3 Rc7 30. Qd5 Qxd5 31. exd5 Rh8 32. Bg4 Rc2 33. Nxd4 Rxa2 34. d6 Kf6 35. d7 Rxf2 36. Kxf2 Bxd4+ 37. Kg2 Ke7 38. Rc1 Nc5 39. Rc4 Be3 40. b4 Nxd7 41. Rc7 Rd8 42. Rxb7 Kd6 43. Rb5 Ne5 44. Bf5 Bb6 45. Be4 Ke6 46. Kf1 Rd6 47. Ke2 a6 0-1

[Event "Olomouc op 19th"]
[Site "Olomouc"]
[Date "2016.08.15"]
[Round "4"]
[White "Burnett, Andrew"]
[Black "Mitrandzas, Athanasios"]
[Result "1/2-1/2"]
[WhiteElo "2174"]
[BlackElo "2119"]
[PlyCount "55"]
[EventDate "2016.08.13"]
[EventType "swiss"]
[EventRounds "9"]
[EventCountry "CZE"]
[SourceTitle "CBM 173 Extra"]
[Source "ChessBase"]
[SourceDate "2016.08.29"]
[SourceVersion "1"]
[SourceVersionDate "2016.08.29"]
[SourceQuality "1"]

1. d4 Nf6 2. c4 e6 3. g3 Bb4+ 4. Nc3 c5 5. Nf3 Bxc3+ 6. bxc3 Qa5 7. Qd3 cxd4 8. Nxd4 Nc6 9. Nb3 Qa4 10. Nc5 Qa5 11. Nb3 Qa4 12. c5 b6 13. Bg2 Ba6 14. Qe3 Bc4 15. Nd4 Nd5 16. Bxd5 Bxd5 17. 0-0 bxc5 18. Nf5 0-0 19. Nd6 Nd8 20. c4 Bc6 21. Qxc5 Nb7 22. Nxb7 Bxb7 23. Qb5 Bc6 24. Qxa4 Bxa4 25. Bf4 Rfc8 26. Rfc1 Rc6 27. Rab1 Ra6 28. c5 1/2-1/2

[Event "GRE-chT 44th"]
[Site "Achaia"]
[Date "2016.07.05"]
[Round "1.6"]
[White "Georgiev, Krum"]
[Black "Mitrandzas, Athanasios"]
[Result "0-1"]
[WhiteElo "2410"]
[BlackElo "2119"]
[PlyCount "64"]
[EventDate "2016.07.05"]
[EventType "team-swiss"]
[EventRounds "7"]
[EventCountry "GRE"]
[SourceTitle "CBM 173 Extra"]
[Source "ChessBase"]
[SourceDate "2016.08.29"]
[SourceVersion "1"]
[SourceVersionDate "2016.08.29"]
[SourceQuality "1"]
[WhiteTeam "Corinth Argonaftis"]
[BlackTeam "Kifisias AO"]
[WhiteTeamCountry "GRE"]
[BlackTeamCountry "GRE"]

1. e4 c5 2. Nf3 e6 3. d3 Nc6 4. Nbd2 d5 5. g3 g6 6. Bg2 Bg7 7. 0-0 Nge7 8. Re1 0-0 9. e5 Qc7 10. Qe2 Nf5 11. c3 b6 12. Nf1 Bb7 13. Bf4 h6 14. h4 Rfd8 15. N1h2 Rac8 16. Ng4 Qe7 17. Qd2 Kh7 18. Re2 b5 19. Kh2 d4 20. c4 bxc4 21. dxc4 d3 22. Re3 Ncd4 23. Nxd4 Nxd4 24. Re4 Nf5 25. Rae1 Bxe4 26. Bxe4 Rd4 27. f3 Rxc4 28. Qxd3 Rb4 29. Qc3 Qd8 30. Qc1 h5 31. Nf2 c4 32. Bd2 Qb6 0-1

[Event "World Amateur-ch U2300"]
[Site "Chalkidiki"]
[Date "2016.04.25"]
[Round "7"]
[White "Tserendorj, Batsaikhan"]
[Black "Mitrandzas, Athanasios"]
[Result "0-1"]
[WhiteElo "2081"]
[BlackElo "2108"]
[PlyCount "76"]
[EventDate "2016.04.19"]
[EventType "swiss"]
[EventRounds "9"]
[EventCountry "GRE"]
[SourceTitle "CBM 172 Extra"]
[Source "ChessBase"]
[SourceDate "2016.06.21"]
[SourceVersion "1"]
[SourceVersionDate "2016.06.21"]
[SourceQuality "1"]

1. e4 c5 2. Nf3 e6 3. c4 Nc6 4. d4 cxd4 5. Nxd4 Nf6 6. Nc3 Bb4 7. Nxc6 bxc6 8. Bd3 0-0 9. e5 Qa5 10. exf6 Bxc3+ 11. bxc3 Qxc3+ 12. Bd2 Qxd3 13. fxg7 Re8 14. Rc1 d5 15. Qa4 Qe4+ 16. Kf1 Qd3+ 17. Ke1 e5 18. Qxc6 Be6 19. c5 Rab8 20. Qa4 Bf5 21. h4 h5 22. a3 Kxg7 23. Bb4 Qe4+ 24. Kf1 d4 25. Re1 Qf4 26. Qd1 Bg4 27. f3 Bd7 28. Re4 Qf6 29. Qe1 Bc6 30. Rh3 Bxe4 31. Qxe4 Qf4 32. Qe1 e4 33. Rg3+ Kh6 34. Rg5 e3 35. Ke2 d3+ 36. Kxd3 Red8+ 37. Kc2 Qc4+ 38. Qc3 Rxb4 0-1

[Event "World Amateur-ch U2300"]
[Site "Chalkidiki"]
[Date "2016.04.23"]
[Round "5"]
[White "Papasimakopoulos, Alexandros"]
[Black "Mitrandzas, Athanasios"]
[Result "0-1"]
[WhiteElo "2182"]
[BlackElo "2108"]
[PlyCount "74"]
[EventDate "2016.04.19"]
[EventType "swiss"]
[EventRounds "9"]
[EventCountry "GRE"]
[SourceTitle "CBM 172 Extra"]
[Source "ChessBase"]
[SourceDate "2016.06.21"]
[SourceVersion "1"]
[SourceVersionDate "2016.06.21"]
[SourceQuality "1"]

1. d4 Nf6 2. c4 e6 3. Nc3 Bb4 4. Qc2 Nc6 5. Nf3 d6 6. Bd2 0-0 7. a3 Bxc3 8. Bxc3 Qe7 9. g3 e5 10. d5 Nb8 11. Bg2 c6 12. e4 cxd5 13. cxd5 a5 14. 0-0 Bd7 15. Nd2 Bb5 16. Rfe1 Nbd7 17. a4 Ba6 18. Bxa5 Rfc8 19. Bc3 Nc5 20. Bf1 Bxf1 21. Rxf1 Qe8 22. a5 Qb5 23. f4 Ng4 24. Rae1 Nd3 25. Qd1 Qc5+ 26. Kg2 Nxe1+ 27. Rxe1 Ne3+ 28. Rxe3 Qxe3 29. fxe5 dxe5 30. Bxe5 Qd3 31. Bc3 Rxc3 32. bxc3 Rxa5 33. Kh3 Ra6 34. c4 h5 35. Qe1 Ra2 36. Nf1 Qf3 37. Ne3 Re2 0-1

[Event "World Amateur-ch U2300"]
[Site "Chalkidiki"]
[Date "2016.04.22"]
[Round "4"]
[White "Mitrandzas, Athanasios"]
[Black "Chkhan, Viktoria"]
[Result "1/2-1/2"]
[WhiteElo "2108"]
[BlackElo "2156"]
[PlyCount "166"]
[EventDate "2016.04.19"]
[EventType "swiss"]
[EventRounds "9"]
[EventCountry "GRE"]
[SourceTitle "CBM 172 Extra"]
[Source "ChessBase"]
[SourceDate "2016.06.21"]
[SourceVersion "1"]
[SourceVersionDate "2016.06.21"]
[SourceQuality "1"]

1. c4 c6 2. g3 d5 3. Nf3 Nf6 4. Bg2 Bg4 5. Ne5 Be6 6. cxd5 Bxd5 7. Nf3 c5 8. Nc3 Bc6 9. 0-0 e6 10. d3 Be7 11. e4 Nbd7 12. Qe2 0-0 13. Rd1 Qa5 14. d4 cxd4 15. Nxd4 Rfd8 16. Nxc6 bxc6 17. Bd2 Qb6 18. Be3 Qb7 19. Rac1 Nb6 20. f4 Rac8 21. Bf2 Qb8 22. Rxd8+ Rxd8 23. e5 Nfd5 24. Ne4 Qb7 25. Bf3 Nb4 26. a3 Nd3 27. Rxc6 Nd5 28. Rc2 Nxf2 29. Qxf2 Qb5 30. Qxa7 Qd3 31. Qf2 Ne3 32. Rc1 f5 33. exf6 gxf6 34. Re1 Nf5 35. Rd1 Qb3 36. Rxd8+ Bxd8 37. Kg2 Bb6 38. Qd2 Ne3+ 39. Kh3 Nd5 40. Bd1 Qc4 41. Qe2 Qd4 42. Bb3 Nc7 43. f5 Kf8 44. fxe6 Qe5 45. Qc4 Nxe6 46. Qxe6 Qh5+ 47. Kg2 Qe2+ 48. Nf2 Qxf2+ 49. Kh3 Kg7 50. Qe7+ Kh6 51. Qf8+ Kg6 52. Bf7+ Kf5 53. Qc8+ Ke4 54. Qc6+ Kd3 55. Qc4+ Ke3 56. Qb3+ Ke4 57. Qd5+ Ke3 58. b4 Bd4 59. Bh5 f5 60. a4 Qf1+ 61. Qg2 Qxg2+ 62. Kxg2 f4 63. g4 f3+ 64. Kf1 Bc3 65. b5 Ba5 66. Be8 Bb6 67. Bd7 Kf4 68. Be6 Kg5 69. Ke1 Kh4 70. Kd2 f2 71. Ke2 Kh3 72. Kf1 Kxh2 73. g5 Kg3 74. Bf5 Kf4 75. Bxh7 Kxg5 76. Ke2 Kf4 77. Bd3 Ke5 78. Kd2 Kd4 79. Kc2 Kc5 80. Kc3 Ba5+ 81. Kb3 Bb6 82. Be2 Ba5 83. Bf1 Bb6 1/2-1/2

[Event "Athens ChessSquare Autumn op"]
[Site "Athens"]
[Date "2015.10.10"]
[Round "4"]
[White "Mitrandzas, Athanasios"]
[Black "Nikolaou, Georgios"]
[Result "1-0"]
[WhiteElo "2015"]
[BlackElo "2317"]
[PlyCount "73"]
[EventDate "2015.09.19"]
[EventType "swiss"]
[EventRounds "7"]
[EventCountry "GRE"]
[SourceTitle "EXT 2024"]
[Source "ChessBase"]
[SourceDate "2023.10.10"]
[SourceVersion "1"]
[SourceVersionDate "2023.10.10"]
[SourceQuality "1"]

1. c4 g6 2. g3 Bg7 3. Bg2 c5 4. Nf3 Nc6 5. Nc3 d6 6. 0-0 Qd7 7. a3 b6 8. b4 Bb7 9. Rb1 e6 10. e3 Nge7 11. d4 0-0 12. Qd3 Rfd8 13. Rd1 cxb4 14. axb4 Rac8 15. Ba3 a6 16. Rdc1 Na7 17. b5 axb5 18. Nxb5 Nxb5 19. Rxb5 Qc7 20. Qb1 Rb8 21. c5 bxc5 22. dxc5 d5 23. Qc2 Ba6 24. Rb6 Rxb6 25. cxb6 Qxc2 26. Rxc2 Nc8 27. Bc5 Rd7 28. Ra2 Bb7 29. Bf1 Bf8 30. Bd4 Rd6 31. Ba6 Rd7 32. Ne5 Re7 33. Bc5 Bxa6 34. Bxe7 Bb7 35. Bxf8 Kxf8 36. Nd7+ Ke8 37. Nc5 1-0

[Event "Athens ChessSquare Autumn op"]
[Site "Athens"]
[Date "2015.09.19"]
[Round "1"]
[White "Mitrandzas, Athanasios"]
[Black "Apergis, Iosif"]
[Result "1-0"]
[WhiteElo "2015"]
[BlackElo "1222"]
[PlyCount "44"]
[EventDate "2015.09.19"]
[EventType "swiss"]
[EventRounds "7"]
[EventCountry "GRE"]
[SourceTitle "EXT 2024"]
[Source "ChessBase"]
[SourceDate "2023.10.10"]
[SourceVersion "1"]
[SourceVersionDate "2023.10.10"]
[SourceQuality "1"]

1. c4 c6 2. g3 Nf6 3. Nf3 d5 4. Bg2 Bg4 5. Ne5 Bf5 6. cxd5 cxd5 7. Nc3 e6 8. g4 Nxg4 9. Nxg4 Bxg4 10. Qa4+ Nc6 11. Qxg4 Rc8 12. 0-0 Qc7 13. d4 g6 14. Bf4 Qb6 15. Nxd5 Qxd4 16. e3 Qxb2 17. Rab1 Qxa2 18. Nf6+ Ke7 19. Rxb7+ Kxf6 20. Bxc6 Rxc6 21. Be5+ Kxe5 22. Qf4+ Kd5 1-0

[Event "Athens Herakleiou op 18th"]
[Site "Athens"]
[Date "2015.06.20"]
[Round "8.3"]
[White "Anastasopoulos, Spyros"]
[Black "Mitrandzas, Athanasios"]
[Result "1-0"]
[WhiteElo "2144"]
[BlackElo "2080"]
[PlyCount "89"]
[EventDate "2015.06.13"]
[EventType "swiss"]
[EventRounds "9"]
[EventCountry "GRE"]
[SourceTitle "EXT 2024"]
[Source "ChessBase"]
[SourceDate "2023.10.10"]
[SourceVersion "1"]
[SourceVersionDate "2023.10.10"]
[SourceQuality "1"]

1. d4 Nf6 2. c4 e6 3. Nf3 c5 4. Nc3 cxd4 5. Nxd4 Nc6 6. g3 Qb6 7. Nb3 Ne5 8. e4 Bb4 9. Qe2 Qc6 10. Bd2 d6 11. Nd4 Qb6 12. Nc2 Bd7 13. Nxb4 Qxb4 14. f4 Nc6 15. 0-0-0 Nd4 16. Qd3 e5 17. Be3 Bg4 18. Rd2 Bf3 19. Rg1 Nc6 20. Bf2 Bg4 21. h3 Be6 22. f5 Bd7 23. Qxd6 Qa5 24. Nd5 0-0-0 25. Bb6 Qxd2+ 26. Kxd2 Ne8 27. Qa3 axb6 28. Qa8+ Nb8 29. Nxb6+ Kc7 30. Nd5+ Kc8 31. g4 Bc6 32. Qa5 Na6 33. Ke3 Nac7 34. b4 b5 35. Nb6+ Kb8 36. cxb5 Bb7 37. Na4 Rd1 38. b6 Nd6 39. bxc7+ Kc8 40. Nb6+ Kxc7 41. Nd5+ Kb8 42. Qc7+ Ka7 43. Qxd6 Rc8 44. Qb6+ Kb8 45. Ba6 1-0

[Event "Prague Summer op 1st"]
[Site "Prague"]
[Date "2014.08.16"]
[Round "9"]
[White "Beinke, Lukas"]
[Black "Mitrandzas, Athanasios"]
[Result "1-0"]
[WhiteElo "1887"]
[BlackElo "2084"]
[PlyCount "103"]
[EventDate "2014.08.09"]
[EventType "swiss"]
[EventRounds "9"]
[EventCountry "CZE"]
[SourceTitle "CBM 162 Extra"]
[Source "ChessBase"]
[SourceDate "2014.10.17"]
[SourceVersion "1"]
[SourceVersionDate "2014.10.17"]
[SourceQuality "1"]

1. d4 Nf6 2. c4 e6 3. Nf3 c5 4. Nc3 cxd4 5. Nxd4 Bb4 6. Bd2 Nc6 7. Nc2 Bc5 8. Be3 Qb6 9. Bxc5 Qxc5 10. e3 0-0 11. Be2 b6 12. a3 Rd8 13. Nd4 Bb7 14. 0-0 Nxd4 15. exd4 Qg5 16. d5 Rac8 17. f4 Qh6 18. Qd4 exd5 19. cxd5 Re8 20. Rae1 Qg6 21. Bd3 Qg4 22. h3 Qh4 23. Rxe8+ Rxe8 24. Ne4 Nxe4 25. Bxe4 Qg3 26. Bf3 d6 27. Qa4 Ra8 28. Rd1 Rf8 29. Qxa7 Bc8 30. Qxb6 Qxf4 31. b4 Bxh3 32. Qd4 Qg3 33. Qf2 Qg5 34. b5 Bd7 35. b6 Ba4 36. Rb1 Rb8 37. b7 Qe7 38. Qa7 Qe8 39. Bg4 Bc2 40. Rb4 Qe1+ 41. Kh2 Qe8 42. Rc4 Rxb7 43. Qxb7 Qe5+ 44. g3 h5 45. Qc8+ Kh7 46. Rxc2 hxg4 47. Qxg4 Qxd5 48. Qh4+ Kg6 49. Rc4 f5 50. Qd4 Qe6 51. Rc3 Kf7 52. Rc7+ 1-0

[Event "Prague Summer op 1st"]
[Site "Prague"]
[Date "2014.08.12"]
[Round "4"]
[White "Mitrandzas, Athanasios"]
[Black "Plischki, Sebastian"]
[Result "0-1"]
[WhiteElo "2084"]
[BlackElo "2410"]
[PlyCount "100"]
[EventDate "2014.08.09"]
[EventType "swiss"]
[EventRounds "9"]
[EventCountry "CZE"]
[SourceTitle "CBM 162 Extra"]
[Source "ChessBase"]
[SourceDate "2014.10.17"]
[SourceVersion "1"]
[SourceVersionDate "2014.10.17"]
[SourceQuality "1"]

1. c4 g6 2. g3 Bg7 3. Bg2 d6 4. Nc3 e5 5. d3 f5 6. e4 Nc6 7. Nge2 Nf6 8. 0-0 0-0 9. Nd5 Be6 10. exf5 Bxf5 11. Bg5 Qd7 12. Qd2 Rae8 13. Rad1 Nh5 14. b4 Nd8 15. b5 Nf7 16. Be3 c6 17. Ndc3 Bh3 18. Ne4 Bxg2 19. Kxg2 d5 20. Nc5 Qe7 21. cxd5 cxd5 22. d4 exd4 23. Nxd4 Qxc5 24. Ne6 Qxb5 25. Nxf8 Kxf8 26. Rb1 Qd7 27. Bxa7 Kg8 28. Bd4 Bxd4 29. Qxd4 Ng5 30. Rfe1 Rxe1 31. Rxe1 Kf7 32. Rb1 Nf6 33. Qa7 Qh3+ 34. Kh1 Kg7 35. f4 Nge4 36. Rxb7+ Kh6 37. Qg1 d4 38. Qg2 Qg4 39. h3 Qxg3 40. Qxg3 Nxg3+ 41. Kg2 Nge4 42. Rb4 d3 43. Rd4 d2 44. Kf3 Kg7 45. Ke2 Kf7 46. a4 Nc5 47. a5 Nb3 48. Ra4 Nd5 49. Rc4 d1Q+ 50. Kxd1 Ne3+ 0-1